000 00623cam a2200217 4500500
005 20260405001747.0
041 _afre
042 _adc
100 1 0 _aHabib, Claude
_eauthor
245 0 0 _aComprendre par soi-même et aimer pour de bon
260 _c2014.
500 _a44
690 _aAutonomie
690 _aÉducation
690 _aEnfance
690 _aEnfant
690 _aPédagogie
690 _aRousseau
786 0 _nPhilosophie magazine | 80 | 6 | 2014-06-01 | p. 37-37 | 1951-1787
856 4 1 _uhttps://shs.cairn.info/magazine-philosophie-magazine-2014-6-page-37?lang=fr&redirect-ssocas=7080
999 _c2050800
_d2050800